000 00497nam a2200157Ia 4500
008 130318s9999 xx 000 0 und d
020 _a9781578518746
082 _a658.406 HAR/M
100 _aHarvard Business Review
245 _aManaging change and transition
260 _bHarvard Business School Press
_aBoston
_c2003
300 _a138
_ewww.elearning.hbsp.org/businesstools
440 _aThe Harvard Business Essentials Series
650 _aCHANGE MANAGEMENT
650 _aEXECUTIVE MANAGEMENT
999 _c1497
_d1497